Normativa sobre fauna silvestre de Colombia / (Registro nro. 17730)

Detalles MARC
000 -CABECERA
Campo de control 00668nam a22002055a 4500
005 - FECHA Y HORA DE LA ULTIMA TRANSACCION
Campo de control 20150828144613.0
008 - ELEMENTOS DE LONGITUD FIJA—INFORMACION GENERAL
Campo de control 150727s2006 ck gr f000 0dspa d
040 ## - FUENTE DE CATALOGACIÓN
Agencia catalogadora original CO-BoIAVH
Agencia transcriptora CO-BoIAVH
041 0# - IDIOMA
Código de idioma para texto/pista de sonido o título separado Español
044 ## - PAÍS DE PUBLICACIÓN
País de publicación Colombia
082 04 - NUMERO DE CLASIFICACION DECIMAL DEWEY
Número de clasificación 333.954
Número del ítem G56n
100 1# - ASIENTO PRINCIPAL--NOMBRE PERSONAL
Nombre personal Gómez Mejía, Alberto
9 (RLIN) 36668
245 10 - MENCION DE TITULO
Título Normativa sobre fauna silvestre de Colombia /
Mención de responsabilidad Alberto Gómez Mejía.
260 ## - PUBLICACION, DISTRIBUCION, ETC. (PIE DE IMPRENTA)
Lugar de publicación, distribución, etc. Bogotá (Colombia):
Nombre del editor, distribuidor, etc. Auros Copias,
Fecha de publicación, distribución, etc. 2006.
300 ## - DESCRIPCION FISICA
Extensión 176 p.
650 #6 - ASIENTO SECUNDARIO DE MATERIA - TERMINO TEMATICO
Término temático o nombre geográfico como elemento de entrada Fauna silvestre
Subdivisión general Legislación
Subdivisión geográfica Colombia
9 (RLIN) 37652
650 #6 - ASIENTO SECUNDARIO DE MATERIA - TERMINO TEMATICO
Término temático o nombre geográfico como elemento de entrada Fauna silvestre
Subdivisión general Conservación
Subdivisión geográfica Colombia
9 (RLIN) 37653
650 #6 - ASIENTO SECUNDARIO DE MATERIA - TERMINO TEMATICO
Término temático o nombre geográfico como elemento de entrada Fauna silvestre
Subdivisión general Manejo
Subdivisión geográfica Colombia
9 (RLIN) 37654
942 ## - ELEMENTOS ADICIONALES (KOHA)
Sistema de clasificación Dewey Decimal Classification
Tipo de ítem Libro
Existencias
Withdrawn status Lost status Sistema de Clasificación Damaged status No para préstamo Colección Inventariado Ubicación Permanente Ubicación actual Fecha de adquisición Fuente de Valor Valor Total Checkouts Número topográfico Inventario / Código de Barras Date last seen Ejemplar Price effective from Forma de adquisición Tipo de material
    Dewey Decimal Classification     General Inventariado 2017 Bogotá Bogotá 28/08/2015 Instituto 20000.00   LB-333.954 G56n 038748 28/08/2015 Ej. 1 28/08/2015 Canje Libro